000 01555nas a2200277Ia 4500
001 R240-R2896
003 IT-CnALBA
008 170116c99999999xx |||||||||||| ||und||
040 _aIT-CnALBA
_cIT-CnALBA
041 _aITALIANO
100 _aFABRIS RINALDO
210 _aSE VUOI
222 _aSE VUOI
245 0 _aSE VUOI. RIVISTA DI ORIENTAMENTO. N. VI ANNO XXII. NOVEMBRE DICEMBRE 1981.
250 _a1a ed.
260 _aCINISELLO BALSAMO (MI)
_bEDIZIONI PAOLINE
_c1981
300 _a66 p.
310 _aBIMESTRALE
362 _aFascicolo: 6 / Anno: 22 (1981)
500 _aCIAN L. CONTINI F. CALVANI S. GRAZIATO L. RIBOLDI A. PROTAGONISTI O DIPENDENTI. SPERANZA. IMPEGNO DELLA LIBERTÀ. UOMO ESISTENZA. CRISTO PER L'UMANITÀ. PICCOLE APOSTOLE DELLA CARITÀ. UOMO, FOTOLINGUAGGIO. TERZO MONDO IN CAMMINO VERSO L'OCCIDENTE. PERCHÈ PRETE. TERREMOTO IN IRPINIA. TESTIMONIANZA DI VIATA CON DIO. FILM, TEMPI DI PIOMBO. CENTRO S. MARIA DELL'ACERO ARICCIA ROMA.
501 _aSocietà San Paolo EM - Piazza San Paolo, 14 - 12051 ALBA (CN) (non commercial uses only) ® Copyright 2017
520 _aCIAN L. CONTINI F. CALVANI S. GRAZIATO L. RIBOLDI A. PROTAGONISTI O DIPENDENTI. SPERANZA. IMPEGNO DELLA LIBERTÀ. UOMO ESISTENZA. CRISTO PER L'UMANITÀ. PICCOLE APOSTOLE DELLA CARITÀ. UOMO, FOTOLINGUAGGIO. TERZO MONDO IN CAMMINO VERSO L'OCCIDENTE. PERCHÈ PRETE. TERREMOTO IN IRPINIA. TESTIMONIANZA DI VIATA CON DIO. FILM, TEMPI DI PIOMBO. CENTRO S. MARIA DELL'ACERO ARICCIA ROMA.
650 _aVOCAZIONE
942 _cCR
957 _71
999 _a12940
_bNO
_g1
_c320995
_d320995